<?xml version="1.0" encoding="UTF-8"?><?xml-stylesheet type="text/xsl" href="static/style.xsl"?><OAI-PMH xmlns="http://www.openarchives.org/OAI/2.0/" xmlns:xsi="http://www.w3.org/2001/XMLSchema-instance" xsi:schemaLocation="http://www.openarchives.org/OAI/2.0/ http://www.openarchives.org/OAI/2.0/OAI-PMH.xsd"><responseDate>2026-04-28T21:12:54Z</responseDate><request verb="GetRecord" identifier="oai:uvadoc.uva.es:10324/31492" metadataPrefix="marc">https://uvadoc.uva.es/oai/request</request><GetRecord><record><header><identifier>oai:uvadoc.uva.es:10324/31492</identifier><datestamp>2021-06-29T21:43:01Z</datestamp><setSpec>com_10324_38</setSpec><setSpec>col_10324_852</setSpec></header><metadata><record xmlns="http://www.loc.gov/MARC21/slim" xmlns:doc="http://www.lyncode.com/xoai" xmlns:xsi="http://www.w3.org/2001/XMLSchema-instance" xmlns:dcterms="http://purl.org/dc/terms/" xsi:schemaLocation="http://www.loc.gov/MARC21/slim http://www.loc.gov/standards/marcxml/schema/MARC21slim.xsd">
<leader>00925njm 22002777a 4500</leader>
<datafield tag="042" ind1=" " ind2=" ">
<subfield code="a">dc</subfield>
</datafield>
<datafield tag="720" ind1=" " ind2=" ">
<subfield code="a">Fernández Atienza, María</subfield>
<subfield code="e">author</subfield>
</datafield>
<datafield tag="260" ind1=" " ind2=" ">
<subfield code="c">2018</subfield>
</datafield>
<datafield tag="520" ind1=" " ind2=" ">
<subfield code="a">En la actualidad la información es considerada como uno de los recursos más&#xd;
preciados, por la capacidad del ser humano de extraer conocimiento de la&#xd;
información disponible. La Visualización de Datos es el proceso de búsqueda,&#xd;
interpretación, contrastación y comparación de datos, obteniendo un conocimiento&#xd;
detallado de los mismos, de forma que como resultado se obtiene una información&#xd;
lo más comprensible posible para el usuario. En este proyecto se empleará un&#xd;
entorno web para llevar a cabo la implementación de gráficos a través de D3.js,&#xd;
una de las librerías de JavaScript más populares que permite la creación de&#xd;
gráficos y Visualización de Datos, así como la posibilidad de añadirlos en un&#xd;
navegador utilizando JavaScript, HTML5, SVG (gráficos vectoriales) y CSS, todo esto&#xd;
orientado a una PYME dedicada al sector industrial.Palabras Clave&#xd;
VISUALIZACIÓN DE DATOS, D3.JS, BASE DE DATOS, HTML, PHP</subfield>
</datafield>
<datafield tag="024" ind2=" " ind1="8">
<subfield code="a">http://uvadoc.uva.es/handle/10324/31492</subfield>
</datafield>
<datafield ind1=" " ind2=" " tag="653">
<subfield code="a">Recuperación de la información-Aplicaciones industriales</subfield>
</datafield>
<datafield ind1=" " ind2=" " tag="653">
<subfield code="a">Sistemas de información-Aplicaciones industriales</subfield>
</datafield>
<datafield tag="245" ind1="0" ind2="0">
<subfield code="a">Análisis de visualizaciones de datos en D3 para una empresa</subfield>
</datafield>
</record></metadata></record></GetRecord></OAI-PMH>